01608nam a22003494a 4500001001200000003000800012006001900020007001500039008004100054010001700095020001500112020002100127040002100148035002000169050002500189082002100214245018300235260006900418300002500487490003700512504006400549533015200613650007700765650007700842650006500919655002900984700002301013710001701036830006601053856012601119999001301245ebr10006815CaPaEBRm u cr cn|||||||||001129s2001 enka sb 001 0 eng  z 00067495  z0521804450 z0521010667 (pb.) aCaPaEBRcCaPaEBR a(OCoLC)5632038814aRJ506.C5bS49 2001eb04a616.89/0083522100aSex differences in antisocial behaviourh[electronic resource] :bconduct disorder, delinquency, and violence in the Dunedin longitudinal study /cTerrie E. Moffitt ... [et al.]. aCambridge, UK ;aNew York :bCambridge University Press,cc2001. axvii, 278 p. :bill.1 aCambridge studies in criminology aIncludes bibliographical references (p. 246-273) and index. aElectronic reproduction.bPalo Alto, Calif. :cebrary,d2013.nAvailable via World Wide Web.nAccess may be limited to ebrary affiliated libraries. 0aConduct disorders in adolescencexSex differencesvLongitudinal studies. 0aAntisocial personality disordersxSex differencesvLongitudinal studies. 0aJuvenile delinquencyxSex differencesvLongitudinal studies. 7aElectronic books.2local1 aMoffitt, Terrie E.2 aebrary, Inc. 0aCambridge studies in criminology (Cambridge University Press)40uhttp://site.ebrary.com/lib/rucke/Doc?id=10006815zAn electronic book accessible through the World Wide Web; click to view c344d344